000 00556nam a2200217Ia 4500
008 160621s9999 xx 000 0 und d
020 _a978-0-07-110710-5
050 _aComSc T 58.6
050 _b.O27 2007
100 _aO'Brien, James A.
245 _aEnterprise information systems /
245 _cJames A. O'Brien, George M. Marakas.
250 _a13th Edition
260 _aNew York :
260 _bMcGraw-Hill,
260 _c2007
300 _a543 pages :
300 _billustrations ;
300 _c27 cm.
500 _aIncludes index.
999 _c296156
_d296156